| 000 | 00666nam a2200253 a 4500 | ||
|---|---|---|---|
| 001 | nice12345678 | ||
| 003 | IN_TiNIC | ||
| 005 | 20260116013900.0 | ||
| 008 | 050524s1989 pena grp 000 0 eng | ||
| 020 |
_a0890121 _c400 |
||
| 082 | 0 | 0 |
_a305.568 _bMUJ |
| 100 | _aMujahid, Abdul Malik | ||
| 245 | _aConversion to Islam; Untouchables Strategy for Protest in India | ||
| 260 |
_aPennsylvania _bAnima Books _c1989 |
||
| 300 | _a159p | ||
| 500 | _aincludes index and biblioraphy | ||
| 505 | 2 | _aIndex | |
| 650 | _aCaste-India | ||
| 650 | _aCommunalism-India | ||
| 700 | 1 | _aMujahid, Abdul Malik | |
| 902 | _bSRS | ||
| 942 | _cBK | ||
| 999 |
_c12948 _d12948 |
||